书目信息 |
| 题名: |
陌上繁花开
|
|
| 作者: | 徐群 主编 | |
| 分册: | ||
| 出版信息: | 北京 现代出版社 2022.01 |
|
| 页数: | 220页 | |
| 开本: | 24cm | |
| 丛书名: | ||
| 单 册: | ||
| 中图分类: | G61-53 | |
| 科图分类: | ||
| 主题词: | 学前教育--文集 | |
| 电子资源: | ||
| ISBN: | 978-7-5143-9443-6 | |
| 000 | 00822nam0 2200241 450 | |
| 001 | 012001000065 | |
| 005 | 20141201100726.0 | |
| 010 | @a978-7-5143-9443-6@dCNY49.80 | |
| 100 | @a20220905d2022 em y0chiy50 ea | |
| 101 | 0 | @achi |
| 102 | @aCN@b110000 | |
| 105 | @aa z 000yy | |
| 106 | @ar | |
| 200 | 1 | @a陌上繁花开@Amo shang fan hua kai@e发生在幼儿园里的教育故事@f徐群主编 |
| 210 | @a北京@c现代出版社@d2022.01 | |
| 215 | @a220页@c图,照片@d24cm | |
| 330 | @a本书记录了70余个发生在锦城中心幼儿园里的教育故事,共5章,分别为幼儿篇、家园篇、课程篇、教师篇、管理篇。 | |
| 517 | 1 | @a发生在幼儿园里的教育故事@Afa sheng zai you er yuan li de jiao yu gu shi |
| 606 | 0 | @a学前教育@j文集 |
| 690 | @aG61-53@v5 | |
| 701 | 0 | @a徐群@AXu Qun@f(1976-)@4主编 |
| 801 | 0 | @aCN@bAHXH@c20221111 |
| 905 | @b1361710-4@dG61-53@e2858@f5 | |
| 陌上繁花开:发生在幼儿园里的教育故事/徐群主编.-北京:现代出版社,2022.01 |
| 220页:图,照片;24cm |
| ISBN 978-7-5143-9443-6:CNY49.80 |
| 本书记录了70余个发生在锦城中心幼儿园里的教育故事,共5章,分别为幼儿篇、家园篇、课程篇、教师篇、管理篇。 |
| ● |
| 相关链接 |
|
|
|
|
正题名:陌上繁花开
索取号:G61-53/2858
 
预约/预借
| 序号 | 登录号 | 条形码 | 馆藏地/架位号 | 状态 | 备注 |
| 1 | 1361710 | 213617102 | 第一样本阅览室/ [索取号:G61-53/2858] | 在馆 | |
| 2 | 1361711 | 213617111 | 教育系资料室/ [索取号:G61-53/2858] | 在馆 | |
| 3 | 1361712 | 213617120 | 教育系资料室/ [索取号:G61-53/2858] | 在馆 | |
| 4 | 1361713 | 213617139 | 第四借阅区/ [索取号:G61-53/2858] | 在馆 | |
| 5 | 1361714 | 213617148 | 第四借阅区/ [索取号:G61-53/2858] | 在馆 |